00549nam a2200217 u 450000100070000000500170000700800410002403500110006503500210007604000130009704100080011008000060011810000350012424500500015925000100020926000220021930000080024165000440024965000180029365000200031119518920260506081357.0980604s1939 fre  a195189 a(OCoLC)778056494 ccomduadb afre aW10aGould, George Milbry4auteaut10aGould's pocket pronouncing medical dictionary a11ed. bBlakiston,c1939. apv. aMedicina - Diccionarios y enciclopedias 7aMedicina2dcs aPronunciación